Cossío : (Record no. 181038)

MARC details
000 -LEADER
campo de control de longitud fija 01194nam a2200289 i 4500
001 - NÚMERO DE CONTROL
campo de control 181038
003 - IDENTIFICADOR DE NÚMERO DE CONTROL
campo de control ES-MaACL
005 - FECHA Y HORA DE LA ÚLTIMA TRANSACCIÓN
campo de control 20231004135244.0
008 - DATOS DE LONGITUD FIJA--INFORMACIÓN GENERAL
campo de control de longitud fija 121005s2008 sp a b |||| | spa d
020 ## - NÚMERO INTERNACIONAL ESTÁNDAR DEL LIBRO
Número Internacional Estándar del Libro 978-84-935477-4-5
080 ## - NÚMERO DE LA CLASIFICACIÓN DECIMAL UNIVERSAL
Número de la Clasificación Decimal Universal 012 Cossío, Manuel B.
080 ## - NÚMERO DE LA CLASIFICACIÓN DECIMAL UNIVERSAL
Número de la Clasificación Decimal Universal 016:929 Cossío, Manuel B.
100 0# - ENTRADA PRINCIPAL--NOMBRE DE PERSONA
Nombre de persona Rodríguez Arnáez, José Manuel A.
9 (RLIN) 98353
245 10 - MENCIÓN DEL TÍTULO
Título Cossío :
Resto del título catálogo bibliográfico /
Mención de responsabilidad, etc. José Manuel A. Rodríguez Arnáez.
250 ## - MENCION DE EDICION
Mención de edición 1ª ed.
260 ## - PUBLICACIÓN, DISTRIBUCIÓN, ETC.
Lugar de publicación, distribución, etc. [La Coruña] :
Nombre del editor, distribuidor, etc. Fundación Jiménez Cossío,
Fecha de publicación, distribución, etc. 2008.
300 ## - DESCRIPCIÓN FÍSICA
Extensión 342 p. :
Otras características físicas il. ;
Dimensiones 24 cm.
500 ## - NOTA GENERAL
Nota general En port.: 150 aniversario del nacimiento (Haro, La Rioja, 1857-Collado Mediano, Madrid, 1932)
500 ## - NOTA GENERAL
Nota general En port.: 150 aniversario de la edición príncipe de "El Greco" (1907-1908)
504 ## - NOTA DE BIBLIOGRAFÍA, ETC.
Nota de bibliografía, etc. Bibliografía: p. 337-341.
600 17 - PUNTO DE ACCESO ADICIONAL DE MATERIA--NOMBRE DE PERSONA
Nombre de persona Cossío, Manuel B.,
Fechas asociadas al nombre 1857-1935-
Subdivisión de forma Bibliografías
9 (RLIN) 151560
852 ## - LOCALIZACIÓN
Ubicación ES-MaACL
Número de control de estantería A-12252
itemnumber 187921
Sublocalización o colección R.146600
Ubicación en estantería Depósito 1
Signatura antigua Olim: N-5257
Encuadernación Donacion:Del autor José Manuel A. Rodríguez Arnaez
903 ## - NOMBRE PERSONAL DE DONANTE
9 98353
a Rodríguez Arnáez, José Manuel A.
e Donante
942 ## - ELEMENTOS DE ENTRADA SECUNDARIOS (KOHA)
Fuente del sistema de clasificación o colocación Clasificación decimal universal
Tipo de ítem Koha Libro impreso
Holdings
Estatus retirado Estado de pérdida Fuente del sistema de clasificación o colocación Estado de daño No para préstamo Biblioteca de origen Biblioteca actual Ubicación en estantería Fecha de adquisición Fuente de adquisición Total de préstamos Signatura topográfica completa Código de barras Visto por última vez Precio de reemplazo Tipo de ítem Koha
    Clasificación decimal universal     Biblioteca del Ateneo de Madrid Biblioteca del Ateneo de Madrid Depósito 1 05/10/2012 Donación   A-12252 1190248 23/02/2023 23/02/2023 Libro impreso